000 00306nam a22001337a 4500
008 170529b xxu||||| |||| 00| 0 eng d
020 _a9780176567828
041 _aeng
080 _22ND
_a66.0
100 _a27
101 _aIM
245 _aCHEMISTRY FOR ENGINEERS
_cWESTERN UNIVERSITY
942 _2udc
_cBK
999 _c14747
_d14747